Album - Destin Ninho - Statistiques

Statistiques générales
  • Ce quiz a été pris 528 fois
  • Le résultat moyen est 15 sur 25
Statistiques - réponses
Titre % Correct
La vie qu'on mène
90%
Goutte d'eau
89%
Maman ne le sait pas
77%
NI
76%
Outro
69%
Money
68%
La vivance
65%
Niska
65%
A Kinshasa
64%
Jamais
63%
Jul
62%
Putana
62%
Jeune Lossa
60%
Koba LaD
60%
Jusqu’à minuit
59%
Paris c'est magique
59%
Sans peine
57%
Tokarev
56%
Dadju
55%
Big Pac
52%
L'ancien
49%
Faouzia
46%
Fally Ipupa
43%
Zéro paluche
42%
Tito
36%
Aucun quiz correspondant
Distribution des résultats
% des personnes avec chaque résultat
Percentile par nombre de réponses
Votre historique - résultats
Vous n’avez pas pris ce quiz